Opposites of everything - Statistics

General Stats
  • This quiz has been taken 52 times
  • The average score is 12 of 25
Answer Stats
Hint Answer % Correct
Left Right
100%
Right Wrong
91%
Take Give
87%
New Old
87%
Forward Backward
80%
Find Lose
80%
Losing Winning
76%
B Y
74%
A Z
70%
C X
63%
Obey Disobey
59%
5 -5
54%
Old Young
54%
Optional Mandatory
39%
Red Green
37%
Drop Pick up
35%
Accept Reject
30%
Nothing Something
20%
12345678910 -12345678910
11%
Late Alive
9%
Young Late
7%
Pick up Call
2%
Jetpunk Qvgkfmp
0%
Hello Svool
0%
Wining Thanking
0%
No matching quizzes found
Score Distribution
Percent of People with Each Score
Percentile by Number Answered
Your Score History
You have not taken this quiz